| 000 | | | 03939nmc2a2200000 x 450 |
| 001 | | | 8cb6bb80-f1b8-4d44-8f44-fec8eb54fd08 |
| 005 | | | 20151215163306.0 |
| 100 | ## | $a | 20150831l18611862k l0rusy0189 ca |
| 101 | 0# | $a | rus |
| 102 | ## | $a | RU |
| 200 | 1# | $a | Дело о назначении на службу, окончившего Дерптский университет доктора медицины К. Рауха |
| | $j | 24 января 1861 г. - 6 апреля 1862 г. |
| 251 | ## | $c | Дело |
| 300 | ## | $a | Дело |
| 300 | ## | $a | Ориг. заголовок дела: Дело о выдаче пособия доктору медицины Рауху и об определении его на службу. 24 января 1861 г. - 6 апреля 1862 г |
| 801 | #0 | $a | RU |
| | $b | РГИА |
| | $c | 20150831 |
| | $g | RCR |
| 801 | #1 | $a | RU |
| | $b | ГлавНИВЦ |
| | $c | 20150831 |
| | $2 | rusmarc |
| 801 | #2 | $a | RU |
| | $b | ПБ им. Б.Н. Ельцина |
| | $c | 20151215 |
| | $g | RCR |
| | $2 | rusmarc |
| 850 | ## | $a | РГИА |
| 852 | ## | $a | РГИА |
| | $e | Федеральное казенное учреждение "Российский государственный исторический архив" (РГИА) |
| | $j | 673 |
| 937 | ## | $h | РГИА |
| | $d | 12091129 |
| | $a | ASBIBLIO_SCAN |
| 462 | #0 | $1 | 00110dcdccd-ec79-4ee8-a204-b9d031b41c04 |
| | $1 | 2001 |
| | $a | Медицинские дела Департамента народного просвещения |
| | $1 | 251 |
| | $c | Опись |
| | $1 | 852 |
| | $j | 99 |
| 461 | #0 | $1 | 001a74412a3-3cc5-4d21-8f0a-dfe2fbd9e72d |
| | $1 | 2001 |
| | $a | Департамент народного просвещения Министерства народного просвещения |
| | $1 | 251 |
| | $c | Фонд |
| | $1 | 852 |
| | $j | 733 |
| 215 | ## | $a | 26 л. |
| | $d | 36,5х26 см |
| 371 | ## | $a | Документ не является опубликованным и широко распространяемым |
| 105 | ## | $a | y### |
| 122 | 2# | $a | d |
| 517 | 1# | $a | Дело о выдаче пособия доктору медицины Рауху и об определении его на службу. 24 января 1861 г. - 6 апреля 1862 г |
| 035 | ## | $a | 8cb6bb80-f1b8-4d44-8f44-fec8eb54fd08 |